000 00612nam a2200229Ia 4500
003 OSt
005 20220918205046.0
006 a|||||r|||| 00| 0
007 ta
008 220917b |||||||| |||| 00| 0 eng d
024 _a115,261
037 _cTextual
040 _aARTS
_cARTS
_beng
041 _2eng
_aeng
082 _aV58:19:N5, H9
100 _aMolotov V M
_9114059
245 0 _aProblems of foreign policy
_b speeches and statements, April 1945-November 1948
260 _c1949
650 _aHISTORY
942 _hV58:19:N5, H9
_cTEXL
_2CC
999 _c238591
_d238591